2023 MLB Gold Glove Award Finalists - Statistics

General Stats
  • This quiz has been taken 59 times
  • The average score is 39 of 60
Answer Stats
Position Team Answer % Correct
3B HOU Alex Bregman
91%
SS TEX Corey Seager
91%
1B LAD Freddie Freeman
91%
C TOR Alejandro Kirk
89%
SS MIN Carlos Correa
89%
3B CLE Jose Ramirez
89%
C PHI J.T. Realmuto
89%
2B TEX Marcus Semien
89%
C BAL Adley Rutschman
86%
1B NYY Anthony Rizzo
86%
3B TOR Matt Chapman
86%
3B ATL Austin Riley
83%
1B ARZ Christian Walker
83%
RF HOU Kyle Tucker
83%
P PHI Taijuan Walker
83%
C TEX Jonah Heim
80%
CF SEA Julio Rodriguez
80%
1B TEX Nathaniel Lowe
80%
2B CLE Andres Gimenez
74%
SS NYY Anthony Volpe
74%
SS CHC Dansby Swanson
74%
SS NYM Francisco Lindor
74%
CF CHW Luis Robert
74%
RF LAD Mookie Betts
74%
UTL LAD Mookie Betts
74%
1B BAL Ryan Mountcastle
74%
LF CLE Steven Kwan
74%
RF TEX Adolis Garcia
71%
2B CHC Nico Hoerner
71%
P MIN Pablo Lopez
71%
3B PIT Ke'Bryan Hayes
69%
LF BAL Austin Hays
66%
2B PHI Bryson Stott
66%
C ARZ Gabriel Moreno
66%
LF TOR Daulton Varsho
63%
2B SD Ha-Seong Kim
63%
UTL SD Ha-Seong Kim
63%
CF ATL Michael Harris
63%
CF TOR Kevin Kiermaier
60%
2B HOU Mauricio Dubon
60%
UTL HOU Mauricio Dubon
60%
P MIN Sonny Gray
57%
P PHI Zack Wheeler
57%
RF BOS Alex Verdugo
54%
C SF Patrick Bailey
54%
P TOR Jose Berrios
51%
RF SD Fernando Tatis Jr.
49%
3B COL Ryan McMahon
49%
CF ARZ Alek Thomas
46%
LF ATL Eddie Rosario
46%
SS COL Ezequiel Tovar
46%
LF CHC Ian Happ
46%
RF WSH Lane Thomas
46%
P MIA Jesus Luzardo
37%
1B MIL Carlos Santana
34%
CF COL Brenton Doyle
31%
LF LAD David Peralta
26%
UTL TB Taylor Walls
20%
UTL STL Tommy Edman
20%
UTL DET Zach McKinstry
14%
No matching quizzes found
Score Distribution
Percent of People with Each Score
Percentile by Number Answered
Your Score History
You have not taken this quiz